[Event "Rosario Italia Cup"]
[Site "Rosario"]
[Date "2023.12.03"]
[Round "5"]
[White "Solan, Leonardo"]
[Black "Gonzalez, Mariano"]
[Result "0-1"]
[WhiteElo "1605"]
[BlackElo "1985"]
[PlyCount "56"]
[EventDate "2023.12.01"]
[EventType "swiss"]
[EventRounds "6"]
[EventCountry "ARG"]
[SourceTitle "CB50_2023"]
[SourceDate "2023.12.13"]
[SourceVersion "1"]
[SourceVersionDate "2023.12.13"]
[SourceQuality "1"]

1. e4 c6 2. Ne2 d5 3. e5 Bf5 4. Ng3 Bg6 5. h4 h6 6. h5 Bh7 7. e6 fxe6 8. d4 Qd6 9. Bd3 Bxd3 10. Qxd3 e5 11. 0-0 e4 12. Qb3 Qc7 13. c4 e6 14. Bf4 Qb6 15. Qd1 Nf6 16. f3 Qxb2 17. fxe4 Be7 18. exd5 cxd5 19. Bxb8 Rxb8 20. Qa4+ Kf7 21. cxd5 exd5 22. Nf5 Rhe8 23. Nxe7 Rxe7 24. Na3 b5 25. Qb3 Qxd4+ 26. Kh1 Re5 27. Qh3 Kg8 28. Rxf6 Qxa1+ 0-1

[Event "Santa Fe IRT Club Espanol B"]
[Site "Santa Fe"]
[Date "2015.12.20"]
[Round "7.2"]
[White "Gonzalez, Mariano"]
[Black "Marino, Javier"]
[Result "1/2-1/2"]
[WhiteElo "1975"]
[BlackElo "1833"]
[PlyCount "108"]
[EventDate "2015.12.16"]
[EventType "tourn"]
[EventRounds "7"]
[EventCountry "ARG"]
[SourceTitle "EXT 2024"]
[Source "ChessBase"]
[SourceDate "2023.10.10"]
[SourceVersion "1"]
[SourceVersionDate "2023.10.10"]
[SourceQuality "1"]

1. e4 e5 2. Nf3 Nc6 3. Bc4 Bc5 4. d3 Nf6 5. c3 d6 6. 0-0 Bg4 7. a4 a6 8. Be3 0-0 9. Nbd2 Bxe3 10. fxe3 d5 11. exd5 Nxd5 12. Qe2 Qd7 13. e4 Nf4 14. Qe3 Be6 15. d4 Bxc4 16. Nxc4 Ng6 17. d5 Nce7 18. Ncxe5 Qd6 19. Nxg6 Nxg6 20. Rae1 Rfe8 21. Qd4 f6 22. a5 Re7 23. Re3 Rae8 24. Rfe1 Ne5 25. Nxe5 Qxe5 26. Qa7 c6 27. dxc6 Qxa5 28. cxb7 Qb5 29. b4 Rxb7 30. Qd4 Rd7 31. Qc5 Qxc5 32. bxc5 Rc7 33. Ra1 Rxc5 34. Rxa6 Rc4 35. Kf2 Rcxe4 36. Rxe4 Rxe4 37. Ra2 Kf7 38. Rc2 Ke6 39. Re2 Kd5 40. Rxe4 Kxe4 41. Ke2 f5 42. Kd2 f4 43. h4 g6 44. c4 h6 45. c5 Kd5 46. Kd3 g5 47. hxg5 hxg5 48. c6 Kxc6 49. Ke4 Kd6 50. Kf5 Kd5 51. Kxg5 Ke4 52. Kg4 Ke3 53. Kg5 f3 54. gxf3 Kxf3 1/2-1/2